00545nam a2200169Ia 4500003000900000008004100009040001600050080001500066100001700081245011600098260002600214300001300240490005700253650001900310650002200329650002400351IN-BaIIA211028s9999 xx 000 0 eng d cIIA Library a539.2bROS aRose, Albert 0aConcepts in photoconductivity and allied problemscAlbert Rose  aNew YorkbWileyc1963 ax, 168p. aInterscience tracts on physics and astronomy; no. 19 aNASA thesaurus aPhotoconductivity aSolid state physics